000 01114nam a22001337a 4500
999 _c533196
_d533196
008 260429b ||||| |||| 00| 0 eng d
100 _aLoying, Rishi and Boruah, Jayanta
_960313
245 _aEscalating spousal violence in Assam: Observations from NFHS-4 and NFHS-5 rounds
260 _aEconomic & Political Weekly
300 _a61(11), Mar 14, 2026: p.21-23
520 _aDespite a nearly balanced gender ratio and the perception of higher autonomy among Assamese women, the state has witnessed a disturbing rise in spousal violence, surpassing national averages. This article investigates the evolving trends and determinants of spousal violence in Assam by analysing data from the National Family Health Survey-4 (2015–16) and NFHS-5 (2019–21) rounds. There is an urgent need for a multi-sectoral policy response through community engagement, institutional accountability, legal reforms, and expansion of helpline and counselling services.-Reproduced https://www.epw.in/journal/2026/11/commentary/escalating-spousal-violence-assam.html
773 _aEconomic & Political Weekly
942 _cAR